000 00781nam a2200229 i 4500
001 56710
003 ES-MaACL
005 20230906163429.0
007 t|
008 031013s1982 sp ||||1| gao d
100 1 _aDieste, Rafael.
_944614
245 1 0 _aViaxe e fin de Don Frontán
_b: (traxedia) /
_cRafael Dieste ; ilustracións de Manuel Colmeiro ; traducción de Xesús Rábade Paredes e Helena Villar Janeiro.
260 _aSada, A Coruña :
_bEdiciones do Castro,
_c[1982]
300 _a141 p. :
_bil. ;
_c21 cm.
490 1 _aTeatro
700 1 _aRábade, Xesús.
_994829
700 1 _aVillar Janeiro, Helena.
_9115093
700 1 _aColmeiro, Manuel (
_d1901-1999)
_939769
830 0 _aTeatro
_9178026
852 _aES-MaACL
_jL-3699
_bR.104464
999 _c56710
_d56710